| 000 | 00503nam a2200181 u 4500 | ||
|---|---|---|---|
| 005 | 20210223133203.0 | ||
| 008 | 170213s2001 r 000 0 eng d | ||
| 020 | _a9806437209 | ||
| 035 | _aUPN01000215994 | ||
| 049 | _aI | ||
| 050 | 4 |
_aPZ74.3 _bCH4.3 |
|
| 100 | 1 |
_aChericián, David, _d1940- _934746 |
|
| 245 | 1 | 0 |
_aABC / _cDavid Chericián ; il. Laura Stagno. |
| 260 |
_aCaracas : _bPlayco, _c2001. |
||
| 300 |
_a[30] p. : _bil. col. |
||
| 650 | 4 |
_aPOESIA INFANTIL CUBANA _921758 |
|
| 905 | _aInfantil | ||
| 999 |
_c188094 _d188094 |
||